Miestne komunity I. Lokality, komunity a ich charakteristiky

Bibliographic Details
Other Authors: Chorvát, Tomáš (Editor)
Format: Book
Language:Slovak
Czech
PhysicalDescription:163 s. grafy, fotogr., mp., tab. 25 cm
Published: Banská Bystrica Ústav vedy a výskumu Univerzity Mateja Bela 2009
ISBN:9788080837785
Edition:[1. vyd.]
Subjects:

MARC

LEADER 00000cam a2200000 a 4500
001 vtls010031932
003 SK-MaSNL
005 20260301083417.0
008 180730s2009 xo odb f 000 0 slo
015 |a SNBA2010/03-01721 
020 |a 9788080837785  |q (brož.) 
035 |a A4D067DA-CA2C-42A6-B44D-52D015D67927 
035 |a urn:nbn:sk:snk-aml8o5 
035 |a urn:nbn:sk:snk-am008sm8 
040 |a SNK  |b slo  |c SNK  |e AACR2 
041 0 |a slo  |a cze 
044 |a xo  |c SK 
072 7 |a 316.33  |x Ekonomická sociológia. Sociológia inštitúcií, ľudských sídiel a komunít  |2 konspekt 
080 |a 316.334.55/.56  |2 2001 
080 |a 352:328/329  |2 2001 
080 |a 332.055.2  |2 2001 
080 |a (082)  |2 2001 
245 0 0 |a Miestne komunity  |c [editor: Tomáš Chorvát]  |n I.  |p Lokality, komunity a ich charakteristiky 
246 3 0 |a Lokality, komunity a ich charakteristiky 
250 |a [1. vyd.] 
260 |a Banská Bystrica  |b Ústav vedy a výskumu Univerzity Mateja Bela  |c 2009 
300 |a 163 s.  |b grafy, fotogr., mp., tab.  |c 25 cm 
504 |a Bibliogr. odkazy 
546 |a Čiast. text čes. 
630 0 7 |a Miestne komunity (projekt)  |2 SNKPH  |9 410242 
650 0 7 |a komunity  |x sociologické aspekty  |2 SNKPH  |9 410243 
650 0 7 |a komunálna politika  |2 SNKPH  |9 85549 
650 0 7 |a miestny rozvoj  |2 SNKPH  |9 58249 
650 0 7 |a Communities (sociology)  |2 SNKPHeng  |9 315647 
650 0 7 |a Local policy  |2 SNKPHeng  |9 266382 
650 0 7 |a Community development  |2 SNKPHeng  |9 341759 
655 7 |a zborníky  |2 SNKPH  |9 70165 
655 7 |a Miscellanea  |2 SNKPHeng  |9 265155 
700 1 |a Chorvát, Tomáš  |4 edt  |9 410244 
852 |a Štátna vedecká knižnica v Banskej Bystrici 
919 |a 978-80-8083-778-5 
958 |a NB 
958 |a OND 
968 |d 30/31 
999 |c 660446  |d 662376 
952 |a SNK  |b SNK  |y PREZ  |7 0  |p 17A0641508  |o snkSC 138587/1  |i snk2010/651  |8 0  |0 0  |1 0  |4 0  |d 2010-01-14  |f 1  |l 0  |r 2017-06-30 00:00:00  |w 2026-02-23 
952 |a SNK  |b SNK  |y VYP  |7 0  |p 17A0641507  |o snkSC 138587/1 D1  |i snk2010/652  |8 0  |0 0  |1 0  |4 0  |d 2010-01-14  |l 0  |r 2026-02-23 18:51:55  |w 2026-02-23